La Invasión estadounidense a Panamá: entrevista con Noam Chomsky /
Se transcribe la entrevista que se le hiciera a Noam Chomsky acerca de la invasión estadounidense a Panamá, señalándose así, los pretextos de la invasión o bien las razones de por qué Estados Unidos cambió su actitud hacia Noriega. Son desechados los pretextos de: fraude electoral, violación de los...
Saved in:
| Main Author: | |
|---|---|
| Format: | Book |
| Language: | Spanish |
| Subjects: | |
| Tags: |
Add Tag
No Tags, Be the first to tag this record!
|
MARC
| LEADER | 00000nam a22000007a 4500 | ||
|---|---|---|---|
| 003 | cru CIDCACS/IIS | ||
| 005 | 20210311062558.0 | ||
| 007 | ta | ||
| 008 | 200521s1990 pn q||p|r||||||0| ||spa|d | ||
| 999 | |c 43150 |d 43150 | ||
| 040 | |c cru CIDCACS/IIS | ||
| 100 | 1 | |9 9298 |a Dieterich, Heinz | |
| 245 | 1 | |a La Invasión estadounidense a Panamá: |b entrevista con Noam Chomsky / |c Heinz Dieterich | |
| 300 | |a páginas 49-60 | ||
| 520 | |a Se transcribe la entrevista que se le hiciera a Noam Chomsky acerca de la invasión estadounidense a Panamá, señalándose así, los pretextos de la invasión o bien las razones de por qué Estados Unidos cambió su actitud hacia Noriega. Son desechados los pretextos de: fraude electoral, violación de los derechos humanos, amenaza para la vida de ciudadanos estadounidenses y lo referente al narcotráfico, afirmándose que Noriega es un "mercachife menor de las drogas". El verdadero motivo de la invasión se debió a que desde 1985 Panamá se mostraba un poco "recalcitrante" ante Estados Unidos. Se expone además, la reacción del pueblo estadounidense, la política exterior de Bush y Reagan, el futuro de la intervención, las intervenciones de los Estados Unidos en el área y, las posibilidades de la autodeterminación en Latinoamérica. AR/JM | ||
| 650 | 4 | |9 1921 |a INTERVENCION EXTRANJERA | |
| 650 | 4 | |9 1924 |a IMPERIALISMO | |
| 650 | 4 | |9 1938 |a AGRESION | |
| 650 | 0 | |a POLITICA DE DEFENSA |9 3674 | |
| 650 | 0 | |9 5635 |a CHOMSKY, NOAM | |
| 651 | 0 | |9 353 |a PANAMA | |
| 773 | 0 | |0 42041 |9 4606 |a Centro de Estudios Latinoamericanos (CELA) |d Panamá: CELA, 1960- |o MFN: 0606 |t Tareas / |x 04947061 | |
| 942 | |2 ddc |c PP | ||
